| 000 | 00333nam a2200133Ia 4500 | ||
|---|---|---|---|
| 008 | 191201s2008 xx 000 0 und d | ||
| 082 |
_a629.831 _bNAC |
||
| 100 | _aNAGRATH, I J | ||
| 245 | 0 | _aControl Systems Engineering | |
| 260 |
_aN.Delhi _bNew Age International _c2008 |
||
| 300 | _a895 | ||
| 650 | _aB.Tech(ECE) | ||
| 942 |
_2ddc _cBK |
||
| 999 |
_c3895 _d3895 |
||